000 00310nam a2200133Ia 4500
008 100328s9999 xx 000 0 und d
082 _b54997
100 _aChoudhry Bani Roy
245 _aStory Of Ramayan
260 _bHemkant
630 _aStory Of Ramayan
730 _aStory Of Ramayan
942 _cBOOK
999 _c541698
_d541695